[Event "Bad Homburg"]
[Site "Bad Homburg"]
[Date "1998.07.23"]
[Round "6"]
[White "Gabriel, Christian"]
[Black "Zhu Chen"]
[Result "1-0"]
[WhiteElo "2555"]
[BlackElo "2490"]

1.d4 d5 2.c4 c6 3.Nf3 Nf6 4.Nc3 e6 5.Bg5 h6 6.Bh4 dxc4 7.e4 g5 8.Bg3 b5 9.Qc2 g4
10.Ne5 Qxd4 11.Rd1 Qb6 12.Be2 h5 13.Ng6 fxg6 14.e5 Kf7 15.exf6 e5 16.Ne4 Bb4+
17.Kf1 Re8 18.a3 Bf8 19.Rd6 Bh6 20.h3 gxh3 21.Bxh5 Bf5 22.Ng5+ Bxg5 23.Qxf5  1-0

[Event "Bad Homburg"]
[Site "Bad Homburg"]
[Date "1998.07.24"]
[Round "7"]
[White "Zhu Chen"]
[Black "Hort, Vlastimil"]
[Result "1-0"]
[WhiteElo "2490"]
[BlackElo "2510"]

1.d4 Nf6 2.c4 e6 3.Nf3 Bb4+ 4.Bd2 a5 5.g3 d5 6.Bg2 dxc4 7.Qc2 b5 8.a4 Bxd2+
9.Nfxd2 Nd5 10.axb5 c6 11.Qxc4 O-O 12.O-O cxb5 13.Qxb5 Bd7 14.Qd3 Nc6 15.Nc4 Rb8
16.Nba3 Qe7 17.e4 Ndb4 18.Qe3 Qf6 19.d5 exd5 20.exd5 Rfe8 21.dxc6 Rxe3 22.fxe3 Qe7
23.cxd7 Qxd7 24.Nxa5 g6 25.Rad1 Qe6 26.N5c4 Kg7 27.Kh1 h5 28.Rd4 Rf8 29.e4 Qe7
30.e5 Kh6 31.Rd6 h4 32.gxh4 Qxh4 33.Rdf6 Kg7 34.Nd6 Nd3 35.Nac4 Qd4 36.R6f5 Kg8
37.R5f3 Kg7 38.e6 Ne5 39.Rf4  1-0

[Event "Bad Homburg"]
[Site "Bad Homburg"]
[Date "1998.07.25"]
[Round "8"]
[White "Kortschnoj, Viktor"]
[Black "Zhu Chen"]
[Result "1-0"]
[WhiteElo "2625"]
[BlackElo "2490"]

1.d4 d5 2.c4 c6 3.Nf3 Nf6 4.Nc3 e6 5.e3 Nbd7 6.Bd3 Bd6 7.O-O O-O 8.e4 dxe4
9.Nxe4 Nxe4 10.Bxe4 f5 11.Bc2 e5 12.Bg5 Be7 13.Bxe7 Qxe7 14.Nxe5 Nxe5 15.Re1 Qb4
16.Rxe5 Qxb2 17.c5 Kh8 18.Re3 Qb4 19.Qd3 b6 20.a3 Qa5 21.Re7 bxc5 22.Qg3 Rg8
23.Bb3 Ba6 24.Bxg8 Rxg8 25.Qe5  1-0

[Event "Cancan Veterans-Women"]
[Site "Roquebrune"]
[Date "1998.09.09"]
[Round "3"]
[White "Taimanov, Mark E"]
[Black "Zhu Chen"]
[Result "0-1"]
[WhiteElo "2455"]
[BlackElo "2480"]

1.d4 Nf6 2.Nf3 c5 3.e3 b6 4.b3 g6 5.Bb2 Bg7 6.c4 cxd4 7.exd4 d5 8.Be2 O-O
9.O-O Bb7 10.Nbd2 Nc6 11.Re1 Qc7 12.Bf1 Rad8 13.h3 e6 14.Rc1 dxc4 15.bxc4 Rd7
16.Nb3 Rfd8 17.Qe2 Ba6 18.Qe3 Qb8 19.Ne5 Rc7 20.f4 Qc8 21.Red1 Ne7 22.g4 Nd7
23.Nd2 Nb8 24.Re1 Nec6 25.Ndf3 Nxe5 26.Nxe5 Nc6 27.d5 Na5 28.Rcd1 exd5 29.cxd5 Bxf1
30.Rxf1 Rc2 31.Ba1 Nc4 32.Nxc4 Qxc4 33.Bxg7 Qxa2 34.Qf3 Kxg7 35.f5 gxf5 36.Qf4 f6
37.d6 Qa3 38.Rf3 Qc5+ 39.Kh1 Rd7 40.gxf5 Qc6 41.Rg1+ Kh8 42.Qg4 Qa8 43.Rg3 Rd2
44.Kg1 R2xd6 45.Rg2 Rd4 46.Qg3 Rd1+ 47.Kh2 R1d2 48.Rff2 Rxf2 49.Rxf2 Qg8
50.Qf4 Qd8 51.Rc2 b5 52.Qc1 Qb8+ 53.Kh1 Qb7+ 54.Kh2 Rd8 55.Rc7 Qb6 56.Qf4 Rg8
57.Rc1 Qb8 58.Qxb8 Rxb8 59.Rc7 b4 60.Rxa7 b3 61.Ra1 b2 62.Rb1 Kg7 63.Kg3 Kh6
64.Kf4 Kh5 65.Ke3 Kh4  0-1

[Event "Cancan Veterans-Women"]
[Site "Roquebrune"]
[Date "1998.09.14"]
[Round "7"]
[White "Kortschnoj, Viktor"]
[Black "Zhu Chen"]
[Result "1/2-1/2"]
[WhiteElo "2625"]
[BlackElo "2480"]

1.d4 d5 2.c4 c6 3.Nf3 Nf6 4.Nc3 dxc4 5.a4 Bf5 6.Nh4 e6 7.Nxf5 exf5 8.e3 Bb4
9.Bxc4 O-O 10.O-O Nbd7 11.Qc2 g6 12.Rd1 Nb6 13.Be2 a5 14.Bf3 Re8 15.Bd2 Qd6
16.Qb3 Qe6 17.d5 Nfxd5 18.Nxd5 Nxd5 19.Bxd5 Qxd5 20.Qxd5 cxd5 21.Bxb4 axb4
22.Rxd5 Red8 23.Rb5 Rxa4 24.Rb1 Rd7  1/2-1/2

[Event "Cancan Veterans-Women"]
[Site "Roquebrune"]
[Date "1998.09.15"]
[Round "8"]
[White "Zhu Chen"]
[Black "Taimanov, Mark E"]
[Result "1-0"]
[WhiteElo "2480"]
[BlackElo "2455"]

1.d4 Nf6 2.Nf3 e6 3.Bg5 c5 4.e3 b6 5.d5 d6 6.Bxf6 Qxf6 7.Bb5+ Bd7 8.Bxd7+ Nxd7
9.Nc3 e5 10.Nd2 Be7 11.h4 Qg6 12.g4 f5 13.gxf5 Qxf5 14.Nde4 Nf6 15.Ng3 Qg4
16.Qxg4 Nxg4 17.Ke2 Kd7 18.Rag1 Nf6 19.h5 Rhg8 20.Nge4 Nxe4 21.Nxe4 Raf8
22.Rg4 Rf5 23.Ng3 Rg5 24.Re4 h6 25.b4 cxb4 26.Rxb4 Rc8 27.Rc1 Bd8 28.c4 Rg4
29.Kd3 Rh4 30.Rbb1 Rh2 31.Rc2 Bh4 32.Ne4 Rf8 33.Rg1 Rf7 34.Rcc1 Be7 35.Rh1 Rxh1
36.Rxh1 Rf5 37.Rh2 Bf8 38.Ng3 Rf7 39.Ke4 Ke8 40.Rg2 Rc7 41.Kd3 b5 42.cxb5 Rc5
43.e4 Rxb5 44.Nf5 Ra5 45.Nxg7+ Kf7 46.Ne6 Rxa2 47.Nxf8 Kxf8 48.Rg6 Ra3+ 49.Ke2 Ra6
50.Rxh6 Kg7 51.Rg6+ Kh7 52.Re6 Rb6 53.Re7+ Kh6 54.Rxa7 Kxh5 55.Rg7 Kh6 56.Rg8 Rb3
57.f3 Rb2+ 58.Ke3 Kh5 59.Rc8 Rb3+ 60.Kf2 Kg5 61.Kg3 Kf6 62.Rc6 Ke7 63.Rc7+ Kf6
64.Rd7 Rb6 65.Kg4 Ra6 66.Rh7 Ra3 67.Rh8 Ke7 68.f4 exf4 69.Kf5 f3 70.Rh7+ Kd8
71.Ke6 Re3 72.Kxd6 Rxe4 73.Rf7 Ke8 74.Rxf3 Rh4 75.Rg3 Rd4 76.Rg8+ Kf7 77.Rd8 Ra4
78.Rc8 Rd4 79.Rd8 Ra4 80.Rb8 Rd4 81.Rc8 Rd1 82.Rc2 Ke8 83.Kc6 Ke7 84.Re2+ Kd8
85.Rh2 Rc1+ 86.Kd6 Kc8 87.Rh8+ Kb7 88.Kd7 Rc7+ 89.Ke6 Rg7 90.Re8 Rg5 91.d6 Rg6+
92.Kd7 Rg1 93.Re7 Rg8 94.Rh7 Rf8 95.Ke7 Rf1 96.d7 Re1+ 97.Kd8 Kc6 98.Kc8  1-0

[Event "Cancan Veterans-Women"]
[Site "Roquebrune"]
[Date "1998.09.18"]
[Round "11"]
[White "Hort, Vlastimil"]
[Black "Zhu Chen"]
[Result "1/2-1/2"]
[WhiteElo "2525"]
[BlackElo "2480"]

1.e4 c5 2.Nf3 d6 3.d4 cxd4 4.Nxd4 Nf6 5.Nc3 a6 6.g3 e5 7.Nde2 Nbd7 8.Bg2 b5
9.a4 b4 10.Nd5 Nxd5 11.exd5 Be7 12.O-O O-O 13.a5 Rb8 14.Be3 Qc7 15.Qd2 Nc5
16.Nc1 Rb5 17.c3 bxc3 18.Qxc3 Qb8 19.b4 Rxb4 20.Bxc5 dxc5 21.Nd3 Rb3 22.Qc4 Bf5
23.Nxe5 Bd6 24.Nc6 Qb7 25.Rad1 Rb2 26.Be4 Bc8 27.Rb1 Re8 28.Qc3 Rxb1 29.Rxb1 Qd7
30.Re1 g6 31.Bd3 Bb7 32.Bc4 Rxe1+ 33.Qxe1 Bxc6 34.dxc6 Qxc6 35.Qe2 Qc7 36.Bd5 c4  1/2-1/2

[Event "Cancan Veterans-Women"]
[Site "Roquebrune"]
[Date "1998.09.19"]
[Round "12"]
[White "Zhu Chen"]
[Black "Spassky, Boris V"]
[Result "1/2-1/2"]
[WhiteElo "2480"]
[BlackElo "2545"]

1.d4 d5 2.c4 e6 3.Nc3 Be7 4.Nf3 Nf6 5.Bg5 h6 6.Bh4 O-O 7.e3 b6 8.Be2 Bb7
9.Bxf6 Bxf6 10.cxd5 exd5 11.b4 c6 12.O-O a5 13.b5 c5 14.Rc1 Nd7 15.Qd2 c4
16.Ne1 Be7 17.g3 Nf6 18.Ng2 Re8 19.Qc2 Bb4 20.a4 Rc8 21.Bf3 g6 22.Rfd1 g5
23.Na2 Ba3 24.Rb1 Qd7 25.Be2 Kg7 26.Rf1 Rc7 27.f3 Bc8 28.Nc3 Bb4 29.Rbe1 Qd6
30.Bd1 Bh3 31.Re2 Rce7 32.Qd2 Re6 33.g4 Kf8 34.Rfe1 Bxg4 35.e4 Bxf3 36.e5 Qd8
37.Re3 Bxg2 38.Qxg2 Ne4 39.Nxe4 dxe4 40.Qxe4 Bxe1 41.Rxe1 Qa8 42.Qg4 Qd8
43.Qe4 Qa8 44.Qg4 Qd8 45.Qe4  1/2-1/2

[Event "Groningen Festival Women"]
[Site "Groningen"]
[Date "1998.12.20"]
[Round "1"]
[White "Zhukova, Natalia"]
[Black "Zhu Chen"]
[Result "1-0"]
[WhiteElo "2460"]
[BlackElo "2480"]

1.d4 c5 2.d5 e5 3.e4 d6 4.Nc3 a6 5.Nf3 g6 6.a4 Bg7 7.Nd2 b6 8.Nc4 Ra7 9.Be3 f5
10.f4 Nf6 11.fxe5 dxe5 12.a5 b5 13.Bxc5 Rd7 14.Nd2 Bb7 15.Bd3 fxe4 16.Bxe4 Nxd5
17.Qg4 Qc8 18.Qe6+ Ne7 19.Bb6 Rf8 20.Bxb7 Rxb7 21.Qxc8+ Nxc8 22.Nde4 Nd7
23.Nd5 Kf7 24.Be3 Kg8 25.Ke2 Rf7 26.Nb4 Nf6 27.Nxf6+ Rxf6 28.Rad1 Kf7 29.Bg5 Rf5
30.Rhf1 Ra7 31.Rd8 Ne7 32.Rd6 Rxf1 33.Kxf1 Bf8 34.Rxa6 Rxa6 35.Nxa6 Nc6 36.Bd2 b4
37.Ke2 Bd6 38.Kd3 Ke6 39.Kc4 Nxa5+ 40.Kb5 Nb7 41.Nxb4 e4 42.h3 Nc5 43.Nc6 Kd7
44.Nd4 Nb7 45.Kc4 Bg3 46.Kd5 Bf2 47.Kxe4 Nc5+ 48.Kd5 Na4 49.b3  1-0

[Event "Groningen Festival (Women)"]
[Site "Groningen"]
[Date "1998.12.22"]
[Round "3"]
[White "Zhu Chen"]
[Black "Bobrowska, Monika"]
[Result "0-1"]
[WhiteElo "2480"]
[BlackElo "2470"]

1.c4 e5 2.Nc3 Nc6 3.g3 d6 4.Bg2 Be6 5.d3 Qd7 6.Rb1 g6 7.b4 Bg7 8.Nd5 Nd8
9.e4 c6 10.Nc3 Ne7 11.Qa4 O-O 12.b5 f5 13.Bg5 h6 14.Bd2 f4 15.f3 g5 16.h4 g4
17.gxf4 exf4 18.h5 Nf7 19.Nce2 Ne5 20.Qc2 cxb5 21.Rxb5 Rac8 22.Qb1 Nxd3+
23.Qxd3 Bxc4 24.Qb1 Bxb5 25.Rh4 Bc4 26.Nxf4 Nc6 27.Ng6 Ne5 28.Nxe5 dxe5 29.Rxg4 Rf6
30.Be3 Ra6 31.a3 Kh8 32.Qb2 Qd3 33.Bd2 Rb6 34.Qc3 Rb1+ 35.Kf2 Rf1+ 36.Bxf1 Qxf1+
37.Ke3 Rd8  0-1

[Event "Groningen Festival Women"]
[Site "Groningen"]
[Date "1998.12.23"]
[Round "4"]
[White "Zhu Chen"]
[Black "Stefanova, Antoaneta"]
[Result "1/2-1/2"]
[WhiteElo "2480"]
[BlackElo "2475"]

1.d4 d5 2.c4 c6 3.e3 Nf6 4.Nc3 e6 5.Nf3 Nbd7 6.b3 Bb4 7.Bd2 Qe7 8.Be2 O-O
9.O-O b6 10.Qc1 Bb7 11.a3 Bd6 12.cxd5 cxd5 13.Nb5 Ba6 14.Qb2 Bxb5 15.Bxb5 Ne4
16.Ba6 Nb8 17.Bd3 Nd7 18.Rfc1 Nxd2 19.Nxd2 e5 20.Bb5 Nf6 21.b4 a5 22.Rab1 exd4
23.Qxd4 axb4 24.axb4 Ra2 25.Rd1 Rc8 26.Bd3 Be5 27.Qh4 g6 28.b5 Rc3 29.Nf3 Bd6
30.Qd4 Rc5 31.Ra1 Rxa1 32.Rxa1 Kg7 33.g3 Qc7 34.Kg2 Rc3 35.Bf1 Rc2 36.Ra6 Bc5
37.Qd3 Bd6 38.Nd4 Rc3 39.Qb1 Bc5 40.Nc6 Qd6 41.Ra7 Ne4 42.Bd3 Nf6 43.Be2 Ne4
44.Bf3 Ng5 45.Qd1 d4 46.h4 Ne6 47.Bg4 Nc7 48.Nxd4 Bxd4 49.exd4 Nxb5 50.Rd7 Qf6
51.d5 Nd4 52.Qe1 Rc2 53.Qe3 h5 54.Bd1 Nf5 55.Qf4 Nxh4+ 56.Kh3 Qxf4 57.gxf4 Rd2
58.Bxh5 Nf5 59.Bg4 Rxf2 60.Bxf5 gxf5 61.Kg3 Rd2 62.Kf3 b5 63.Ke3 Rd1 64.d6 Kf6
65.Rb7 Rd5 66.d7 Ke7 67.Ke2 Kd8 68.Ke3 f6 69.Ke2 Rd4 70.Rxb5 Rxf4 71.Rd5 Re4+
72.Kf3 Re5 73.Rd6 Rb5  1/2-1/2

[Event "Groningen Festival Women"]
[Site "Groningen"]
[Date "1998.12.27"]
[Round "7"]
[White "Zhu Chen"]
[Black "Darchia, Diana"]
[Result "1/2-1/2"]
[WhiteElo "2480"]
[BlackElo "2445"]

1.d4 Nf6 2.Nf3 e6 3.g3 b6 4.Bg2 Bb7 5.O-O Be7 6.c4 d5 7.cxd5 exd5 8.Nc3 O-O
9.Bf4 c6 10.Qc2 h6 11.Rad1 Qc8 12.Nh4 Re8 13.Nf5 Bf8 14.Rfe1 Ne4 15.Bh3 Qd8
16.f3 Ng5 17.Bg2 Ne6 18.Bc1 Qf6 19.e3 g6 20.Nh4 Na6 21.f4 Ng7 22.Nf3 h5 23.Ne5 Rad8
24.e4 dxe4 25.Nxe4 Qf5 26.Qc4 Qe6 27.Qxe6 Rxe6 28.Ng5 Re7 29.Nxc6 Bxc6 30.Rxe7 Bxg2
31.Rxa7 Ra8 32.Rxa6 Rxa6 33.Kxg2 Rxa2 34.Kf3 Nf5 35.Ne4 Ra1 36.d5 b5 37.Nd2 Nd4+
38.Ke3 Bg7 39.Kd3 f5 40.Re1 Kf7 41.Nf1 Nf3 42.Re3 Rxc1 43.Rxf3 Bxb2 44.Kd2 Ke7
45.Ne3 Rc5 46.Kd3 Kd6 47.Rf2 Bc1 48.Ra2 Bxe3 49.Kxe3 Kxd5 50.Kd3 b4 51.Ra6 Rc3+
52.Kd2 Rc6 53.Ra8 b3 54.Rb8 Kc4 55.Kc1 Kc3 56.Kb1 h4 57.Re8 h3 58.Re7 Kd4
59.Rh7 Rc2 60.Rxh3 Rg2 61.Rh8 Ke4 62.Rh6 Kf3 63.Rxg6 Rxh2 64.Rg5 Ke4 65.g4  1/2-1/2

[Event "Groningen Festival Women"]
[Site "Groningen"]
[Date "1998.12.28"]
[Round "8"]
[White "Bobrowska, Monika"]
[Black "Zhu Chen"]
[Result "1/2-1/2"]
[WhiteElo "2470"]
[BlackElo "2480"]

1.Nf3 d5 2.d4 c6 3.c4 e6 4.Qc2 Nf6 5.cxd5 exd5 6.Bg5 Be7 7.Nc3 g6 8.e3 Bf5
9.Bd3 Bxd3 10.Qxd3 O-O 11.Nd2 Re8 12.Bxf6 Bxf6 13.O-O a5 14.a3 Be7 15.e4 dxe4
16.Ndxe4 Nd7 17.Rad1 Nf6 18.Rfe1 Bf8 19.Nxf6+ Qxf6 20.Ne4 Qf5 21.f3 Rad8
22.Qb3 Re7 23.Qb6 Red7 24.d5 Bd6 25.Nxd6 Rxd6 26.Qxa5 cxd5 27.Qb5 R6d7 28.Re2 Qf4
29.Rde1 Kg7 30.Qc5 Rc7 31.Qa5 h5 32.Rd1 Rcd7 33.Qe1 Qf6 34.Qf2 d4 35.Rd3 Rc7
36.g3 Rc5 37.h4 Kh7 38.Re4 Rcd5 39.Kg2 R8d7 40.Qd2 Qb6 41.b4 Kg7 42.Qf4 Qc6
43.Qd2 Qc4 44.Re1 R5d6 45.Rc1 Qa6 46.Re1 Rd5 47.Re4 Qd6 48.Re1 b5 49.Re2 Rc7
50.Qe1 Rc4 51.Red2 Qf6 52.Qf2 Rd8 53.Rd1 Qd6 54.R1d2 Qd5 55.Rd1 Kh7 56.R1d2 Rd7
57.Rd1 f6 58.Qe2 Rdc7 59.R1d2 Qe5 60.Qxe5 fxe5 61.f4 exf4 62.gxf4 Rd7 63.Kf3 Kg7
64.Ke4 Re7+ 65.Kd5 Rd7+ 66.Ke4  1/2-1/2

[Event "Cappelle op"]
[Site "Cappelle la Grande"]
[Date "1998.??.??"]
[Round "3"]
[White "Movsesian, Sergei"]
[Black "Zhu Chen"]
[Result "1-0"]
[WhiteElo "2595"]
[BlackElo "2490"]

1.e4 c5 2.Nc3 Nc6 3.Nf3 g6 4.d4 cxd4 5.Nxd4 Bg7 6.Nde2 Nf6 7.g3 b5 8.Bg2 Rb8
9.O-O O-O 10.h3 d6 11.Re1 a5 12.a4 b4 13.Nb5 Ba6 14.c4 bxc3 15.Nexc3 Nd7
16.Bf1 Nc5 17.Be3 Rc8 18.Rc1 Bb7 19.b3 Nb4 20.Nd5 Nba6 21.Bc4 Re8 22.Kh2 Be5
23.Bg5 Ne6 24.Bh4 Kh8 25.f4 Bg7 26.Qg4 Nac5 27.f5 Bxd5 28.exd5 Nc7 29.Rxe7 Rxe7
30.f6 Re2+ 31.Bxe2 Bh6 32.Nxd6 Qxd6 33.Qxc8+ Bf8 34.Bg5 Nxd5 35.Bh6 Nd7 36.Bxf8 Nxf8
37.Rd1 Kg8 38.Qc4  1-0

[Event "Cappelle op"]
[Site "Cappelle la Grande"]
[Date "1998.??.??"]
[Round "4"]
[White "Zhu Chen"]
[Black "Koch, Thomas"]
[Result "1-0"]
[WhiteElo "2490"]
[BlackElo "2335"]

1.d4 Nf6 2.Nf3 e6 3.c4 b6 4.a3 Ba6 5.Qc2 Bb7 6.Nc3 c5 7.e4 cxd4 8.Nxd4 d6
9.Be2 Nbd7 10.Be3 Be7 11.O-O-O a6 12.f4 O-O 13.g4 d5 14.exd5 exd5 15.g5 Ne8
16.Nxd5 Bxd5 17.cxd5 Bc5 18.Kb1 Bxd4 19.Bxd4 Rc8 20.Qf5 Nd6 21.Qh3 Nc5 22.f5 Re8
23.Bg4 Qxg5 24.f6 Rcd8 25.Rhg1 Qxd5 26.Bxc5 Qxc5 27.Bd7 Ne4 28.Rxg7+ Kf8
29.Qh6 Nc3+ 30.Ka1  1-0

[Event "Cappelle op"]
[Site "Cappelle la Grande"]
[Date "1998.??.??"]
[Round "7"]
[White "Apicella, Manuel"]
[Black "Zhu Chen"]
[Result "1-0"]
[WhiteElo "2520"]
[BlackElo "2490"]

1.e4 c5 2.Nf3 d6 3.d4 cxd4 4.Nxd4 Nf6 5.Nc3 a6 6.Be3 Ng4 7.Bg5 h6 8.Bh4 g5
9.Bg3 Bg7 10.Be2 h5 11.Bxg4 Bxg4 12.f3 Bd7 13.Bf2 Nc6 14.O-O e6 15.Nxc6 Bxc6
16.Qd2 Be5 17.Rad1 Qf6 18.Ne2 Bxb2 19.Qxd6 Qe7 20.Qxe7+ Kxe7 21.h4 Bb5 22.Bc5+ Ke8
23.Rd2 Bf6 24.hxg5 Bxg5 25.f4 Bh6 26.Kf2 Rg8 27.Be3 e5 28.fxe5 Bxe3+ 29.Kxe3 Rxg2
30.Rh1 Bxe2 31.Rxe2 Rxe2+ 32.Kxe2 Rc8 33.Kd3 Rc5 34.Rxh5 Ra5 35.Rh6 Rxa2
36.Rb6 Ke7 37.c4 a5 38.c5 a4 39.Rxb7+ Ke6 40.c6 Ra1 41.Rb8  1-0

[Event "Yangon schev"]
[Site "Yangon"]
[Date "1999.02.01"]
[Round "2"]
[White "Zhu Chen"]
[Black "Win Zaw Tun"]
[Result "1-0"]
[WhiteElo "2487"]
[BlackElo "2503"]

1.d4 Nf6 2.c4 e6 3.Nf3 d5 4.Nc3 Nbd7 5.cxd5 exd5 6.Bg5 c6 7.e3 Be7 8.Bd3 h6
9.Bh4 O-O 10.Qc2 Re8 11.O-O Ne4 12.Bxe4 Bxh4 13.Bh7+ Kh8 14.Bd3 Be7 15.Rab1 a5
16.a3 Bd6 17.b4 Nf6 18.Rfe1 Bg4 19.Nd2 axb4 20.axb4 Bd7 21.g3 Ng4 22.Nf1 Qe7
23.b5 Ra3 24.bxc6 bxc6 25.Rec1 Qf6 26.Qe2 Bf5 27.Bxf5 Qxf5 28.Rb6 Qd7 29.Nb1 Ra1
30.Rbxc6 h5 31.Nbd2 Rea8 32.Nf3 g6 33.R1c2 Kg8 34.Rb6 R8a7 35.Kg2 Bc7 36.Rbc6 Kg7
37.Qb5 Nf6 38.Qc5 Bb8 39.Qb6 Rb7 40.Rxf6 Rxb6 41.Rxb6 Qa4 42.Rcb2 Bc7 43.R6b3 Rc1
44.Rb1 Rc6 45.h4 Rf6 46.N1h2 Qc4 47.Rb7 Rc6 48.Ng5 Qd3 49.Nhf3 f6 50.Ne6+ Kg8
51.Rxc7 Rxc7 52.Rb8+ Kf7 53.Nxc7  1-0

[Event "Yangon schev"]
[Site "Yangon"]
[Date "1999.02.02"]
[Round "3"]
[White "Ganbold, Odondoo"]
[Black "Zhu Chen"]
[Result "1/2-1/2"]
[WhiteElo "2320"]
[BlackElo "2487"]

1.d4 Nf6 2.Nc3 g6 3.e4 d6 4.f3 c6 5.Bg5 Bg7 6.Qd2 h6 7.Be3 b5 8.a3 Bb7 9.e5 dxe5
10.dxe5 Qxd2+ 11.Bxd2 Nfd7 12.f4 Na6 13.Nf3 Nc7 14.Be3 g5 15.O-O-O gxf4 16.Bxf4 a6
17.Bd3 Nc5 18.Bf5 Bc8 19.g4 e6 20.Be4 Nd5 21.Bxd5 exd5 22.Nd4 Ne6 23.Nce2 Nxf4
24.Nxf4 Bxg4 25.Rhg1 h5 26.Rdf1 Bh6 27.Nxc6 Kd7 28.Nb4 Rae8 29.Nd3 Be2 30.Rf2 Bxd3
31.cxd3 Rxe5 32.Kd1 Rf5 33.Rgf1 Bxf4 34.Rxf4 Rxf4 35.Rxf4 Ke6 36.a4 Rg8 37.axb5 axb5
38.Rh4 Rg2 39.Kc1 f5 40.Rxh5 f4 41.d4 f3 42.Re5+ Kf6 43.Re3 f2 44.Rf3+ Kg5
45.Kd1 Kg4 46.Rf8 Rxh2 47.Ke2 f1=Q+ 48.Kxf1 Rxb2 49.Ke1 Rb4 50.Ke2 Rxd4 51.Ke3 Re4+
52.Kd3 b4 53.Kd2 Rf4 54.Rd8 Kf3 55.Rxd5 Ke4 56.Rb5 Rf2+ 57.Kc1 Kd4 58.Rh5 Rf3
59.Kb2 Kc4 60.Rh4+ Kb5 61.Rh8  1/2-1/2

[Event "Yangon schev"]
[Site "Yangon"]
[Date "1999.02.03"]
[Round "4"]
[White "Zhu Chen"]
[Black "Al Modiahki, Mohamad"]
[Result "1/2-1/2"]
[WhiteElo "2487"]
[BlackElo "2530"]

1.d4 g6 2.e4 Bg7 3.g3 d6 4.Bg2 Nf6 5.Ne2 O-O 6.O-O e5 7.h3 exd4 8.Nxd4 Nc6
9.Nxc6 bxc6 10.c4 Be6 11.Qc2 Qc8 12.Kh2 Qa6 13.Na3 Rab8  1/2-1/2

[Event "Yangon schev"]
[Site "Yangon"]
[Date "1999.02.08"]
[Round "9"]
[White "May Aung Hlaing"]
[Black "Zhu Chen"]
[Result "0-1"]
[WhiteElo "2507"]
[BlackElo "2487"]

1.d4 Nf6 2.c4 e6 3.Nf3 b6 4.a3 Ba6 5.Qc2 c5 6.d5 exd5 7.cxd5 g6 8.g3 Bg7
9.Nc3 O-O 10.Bg2 d6 11.O-O Re8 12.Re1 b5 13.e4 b4 14.Nb1 b3 15.Qxb3 Nxe4
16.Qa4 Nf6 17.Nc3 Rxe1+ 18.Nxe1 Qe8 19.Bf4 Qxa4 20.Nxa4 Ne8 21.Nxc5 Bxb2
22.Rb1 Bd4 23.Ne4 Nd7 24.Nxd6 Nef6 25.Nb5 Bxb5 26.Rxb5 Re8 27.Nc2 Bb6 28.Ne3 Rc8
29.Bf3 Rc3 30.a4 Ra3 31.Rb4 Nc5 32.Bd6 Rxa4 33.Rxa4 Nxa4 34.Be7 Kg7 35.Nc4 Bc5
36.Nd6 a5 37.Kf1 Bb4 38.Ke2 Nc3+ 39.Kd3 Ncxd5 40.Bxd5 Nxd5 41.Ne8+ Kh6 42.Bxb4 Nxb4+
43.Kc4 Kg5 44.h3 h5 45.Nd6 Kf6 46.Nb7 Nc6 47.Kb5 Ne5 48.Nc5 Nf3 49.Kxa5 Ke5
50.Kb4 Kd4 51.Nd7 Ne5 52.Nxe5 Kxe5 53.Kc3 Ke4 54.Kd2 Kf3 55.Ke1 h4 56.gxh4 Kg2
57.Ke2 Kxh3 58.Kf3 Kxh4 59.Kf4 f6 60.Kf3 Kh3 61.Ke4 Kg2 62.f4 f5+  0-1

[Event "Yangon schev"]
[Site "Yangon"]
[Date "1999.02.10"]
[Round "11"]
[White "Thein Dan Oo"]
[Black "Zhu Chen"]
[Result "0-1"]
[WhiteElo "2539"]
[BlackElo "2487"]

1.e4 c5 2.d3 Nc6 3.c3 d5 4.Nd2 Nf6 5.g3 e5 6.Bg2 Be7 7.Ngf3 O-O 8.O-O Re8
9.Qc2 Bf8 10.Re1 Rb8 11.Nf1 d4 12.a4 a6 13.h3 b5 14.axb5 axb5 15.N3d2 Be6
16.f4 c4 17.dxc4 Bc5 18.Kh2 d3 19.Qb1 b4 20.Qa2 Bf2 21.Rd1 exf4 22.gxf4 Bg4
23.Qa4 Qd6 24.e5 Nxe5 25.fxe5 Qxe5+ 26.Kh1 Qh5 27.Qc6 bxc3 28.bxc3 Bxd1 29.Nf3 Rb6  0-1

[Event "Yangon schev"]
[Site "Yangon"]
[Date "1999.02.12"]
[Round "13"]
[White "Htun Lynn Kyaw"]
[Black "Zhu Chen"]
[Result "1/2-1/2"]
[WhiteElo "2541"]
[BlackElo "2487"]

1.e4 c5 2.Nc3 Nc6 3.Nge2 g6 4.g3 Bg7 5.Bg2 Rb8 6.a4 a6 7.O-O b5 8.axb5 axb5
9.d3 b4 10.Nb1 Nf6 11.Nd2 O-O 12.Nb3 d6 13.f4 Qb6 14.Kh1 Be6 15.Nd2 d5 16.f5 gxf5
17.exd5 Bxd5 18.Bxd5 Nxd5 19.Nc4 Qb7 20.Rxf5 Nc3 21.Nxc3 Nd4+ 22.Ne4 Nxf5
23.Qg4 Qd5 24.Bf4 Nd6 25.Be5 f6 26.Nxd6 exd6 27.Ra7 Rb7 28.Rxb7 Qxb7 29.Qe6+ Rf7
30.Qe8+ Rf8 31.Qe6+ Qf7 32.Qxf7+ Rxf7 33.Bxd6 f5 34.Ng5 Rd7 35.Bxc5 b3 36.cxb3 Rxd3
37.b4 Rb3 38.Kg2 Bxb2 39.Nf3 Bf6 40.Ng1 Kf7 41.Ne2 Be5 42.Nc1 Rb2+ 43.Kh3 Rd2
44.Be3 Rd5 45.Ne2 Bd6 46.Nf4 Bxf4 47.Bxf4 h5 48.Kh4 Kg6 49.Be3 Re5 50.Bc5 Re2
51.Kh3 Rb2 52.Be7 Re2 53.Bd6 Re6 54.Bc7 Rc6 55.Bd8 Rc3 56.Kg2 Kf7 57.Bb6 h4
58.gxh4 Kg6 59.Bf2 Rb3 60.Be1 Kh5 61.h3 Rb1 62.Bf2 Rxb4 63.Kf3 Kg6 64.Bg3 Ra4
65.Bf4 Ra3+ 66.Kg2 Rb3 67.Bg5 Ra3 68.Kh2 Ra8 69.Kg3 Rb8 70.Kf3 Rh8 71.Kf4 Rh7
72.Kg3 Kf7 73.Kf4 Ke6 74.Bd8 Rd7 75.Bb6 Rb7 76.Be3 Rb4+ 77.Kg5 Re4 78.Bf4 Re2
79.h5 Rg2+ 80.Kh6 Kf7 81.Bc7 Rg1 82.Bb8 Kf6 83.Bf4 Rf1 84.Bg5+ Kf7 85.Bh4 Rg1
86.Bg5 Rg3 87.Bf4 Rxh3 88.Kg5 Ke6 89.h6 Rh1 90.Kg6  1/2-1/2

[Event "Neckar op 3rd"]
[Site "Deizisau"]
[Date "1999.04.02"]
[Round "2"]
[White "Zhu Chen"]
[Black "Timeus, Frank"]
[Result "1-0"]
[WhiteElo "2487"]
[BlackElo "2208"]

1.d4 d6 2.Nf3 g6 3.c4 Bg7 4.Nc3 Nf6 5.e4 O-O 6.Be2 e5 7.d5 Na6 8.Nd2 c6 9.O-O Nc7
10.Rb1 Bd7 11.b4 b5 12.dxc6 Bxc6 13.cxb5 Bb7 14.Bf3 d5 15.exd5 Nfxd5 16.Nxd5 Bxd5
17.a4 Rc8 18.Bxd5 Nxd5 19.Ne4 Rc4 20.Qe2 Qc7 21.Bd2 Rc8 22.Nc5 Rd4 23.g3 Qd6
24.Rfc1 Nf4 25.Bxf4 exf4 26.Rd1 Rd8 27.Rxd4 Qxd4 28.Qf3 fxg3 29.hxg3 h5 30.Qe4 Qd2
31.Kg2 Kh7 32.a5 Rd4 33.Nb3 Qxf2+ 34.Kxf2 Rxe4 35.Nc5 Rc4 36.b6 Bd4+ 37.Ke2 axb6
38.axb6 Be5 39.b7 Bxg3 40.Na6 Re4+ 41.Kf3 Re8 42.Kxg3 h4+ 43.Kxh4  1-0

[Event "Neckar op 3rd"]
[Site "Deizisau"]
[Date "1999.04.02"]
[Round "3"]
[White "Boehm, M."]
[Black "Zhu Chen"]
[Result "0-1"]
[WhiteElo "2261"]
[BlackElo "2487"]

1.c4 e5 2.Nc3 Nc6 3.g3 g6 4.Bg2 Bg7 5.Nf3 d6 6.O-O f5 7.d3 Nf6 8.Bg5 h6 9.Bxf6 Qxf6
10.Nd5 Qf7 11.Rb1 Nd8 12.Qa4+ Kf8 13.Nd2 Ne6 14.f4 exf4 15.gxf4 c6 16.Nc3 Bd4+
17.Kh1 Be3 18.Nf3 Nxf4 19.Qa3 Qe7 20.Nd1 Nxg2 21.Kxg2 Bb6 22.Qc3 Kg8 23.d4 Kh7
24.Nf2 Re8 25.b4 Qe3 26.Nd3 Be6 27.a4 Rac8 28.a5 Bd8 29.Kh1 Bf6 30.Rg1 f4
31.Qc1 Qxc1 32.Rgxc1 g5 33.b5 c5 34.dxc5 dxc5 35.a6 b6  0-1

[Event "Neckar op 3rd"]
[Site "Deizisau"]
[Date "1999.04.03"]
[Round "4"]
[White "Zhu Chen"]
[Black "Benjamin, Joel"]
[Result "1/2-1/2"]
[WhiteElo "2487"]
[BlackElo "2593"]

1.d4 d6 2.Nf3 Nf6 3.c4 g6 4.Nc3 Bf5 5.g3 Bg7 6.Bg2 c6 7.O-O O-O 8.Bf4 Ne4
9.Nxe4 Bxe4 10.Qd2 Re8 11.Bh6 Bh8 12.Rad1 Nd7 13.Qf4 Bxf3 14.Qxf3 e6 15.e4 Qb6
16.Qc3 c5 17.Be3 Rac8 18.b3 Nb8 19.e5 Nc6 20.dxc5 dxc5 21.f4 Red8 22.Kf2 Bg7
23.Bxc6 Qxc6 24.Qc2 Bf8  1/2-1/2

[Event "Neckar op 3rd"]
[Site "Deizisau"]
[Date "1999.04.03"]
[Round "5"]
[White "Chuchelov, Vladimir"]
[Black "Zhu Chen"]
[Result "1-0"]
[WhiteElo "2534"]
[BlackElo "2487"]

1.c4 e5 2.Nc3 Nf6 3.Nf3 Nc6 4.a3 g6 5.g3 d5 6.cxd5 Nxd5 7.d3 Bg7 8.Bg5 Nxc3
9.bxc3 Qd6 10.Bd2 Bf5 11.Bg2 O-O 12.Ng5 Rad8 13.O-O Bc8 14.Qa4 h6 15.Ne4 Qe7
16.Be3 Rfe8 17.Rab1 a6 18.Nc5 b5 19.Qc2 Nb8 20.c4 c6 21.a4 Qc7 22.Rfc1 Kh7
23.cxb5 cxb5 24.axb5 axb5 25.Rxb5 f5 26.Qb1 Nc6 27.Nb7  1-0

[Event "Neckar op 3rd"]
[Site "Deizisau"]
[Date "1999.04.04"]
[Round "6"]
[White "Zhu Chen"]
[Black "Namyslo, Holger"]
[Result "1-0"]
[WhiteElo "2487"]
[BlackElo "2229"]

1.d4 e6 2.c4 d5 3.Nc3 Nf6 4.Nf3 c6 5.Bg5 dxc4 6.e4 b5 7.e5 h6 8.Bh4 g5 9.Nxg5 hxg5
10.Bxg5 Nbd7 11.exf6 Bb7 12.g3 Qb6 13.Bg2 O-O-O 14.O-O Bh6 15.Bxh6 Rxh6 16.a4 Nxf6
17.Qf3 a6 18.Rad1 Rdh8 19.h4 Rg6 20.Rfe1 b4 21.Ne4 Nxe4 22.Rxe4 Qc7 23.Rf4 Rg7
24.Rc1 Kb8 25.Rxc4 a5 26.Rc5 Rd8 27.Qe3 Rg6 28.h5 Rh6 29.Rxf7 Qxf7 30.Qxh6 e5
31.Qg5  1-0

[Event "Neckar op 3rd"]
[Site "Deizisau"]
[Date "1999.04.04"]
[Round "7"]
[White "Dittmar, Peter"]
[Black "Zhu Chen"]
[Result "1/2-1/2"]
[WhiteElo "2352"]
[BlackElo "2487"]

1.c4 c5 2.Nc3 Nc6 3.g3 g6 4.Bg2 Bg7 5.e4 a6 6.Nge2 Rb8 7.a4 e6 8.d3 Nge7
9.O-O O-O 10.Be3 Nd4 11.Bf4 e5 12.Qd2 Nec6 13.Nxd4 Nxd4 14.Be3 d6 15.Bxd4 cxd4
16.Nd5 f5 17.exf5 gxf5  1/2-1/2

[Event "Neckar op 3rd"]
[Site "Deizisau"]
[Date "1999.04.05"]
[Round "8"]
[White "Zhu Chen"]
[Black "Gerstenberger, Heinz"]
[Result "1-0"]
[WhiteElo "2487"]
[BlackElo "2186"]

1.d4 Nf6 2.c4 g6 3.Nc3 Bg7 4.e4 d6 5.Nf3 O-O 6.Be2 e5 7.d5 Qe8 8.Nd2 a5 9.O-O Na6
10.a3 Bd7 11.b3 Nc5 12.Rb1 h6 13.Qc2 Nh7 14.b4 axb4 15.axb4 Na4 16.Nb5 Bxb5
17.cxb5 Qe7 18.Nc4 f5 19.f3 Nf6 20.Na5 Nb6 21.Nxb7 f4 22.Bd2 g5 23.Ra1 Rfc8
24.Rxa8 Rxa8 25.Rc1 Ne8 26.Be1 Bf6 27.Bf2 Nd7 28.Na5 h5 29.Qc6 Rb8 30.Ba7 Rb6
31.Bxb6 cxb6 32.Nc4 Qd8 33.Ra1  1-0